000 00656cam a2200229 i 4500
001 4173341
005 20180221035201.0
008 790529s1979 enk b 001 0 eng
010 _a 79040343
015 _aGB79
020 _a0198284225 (Oxford University Press) :
_c£6.50
040 _aDLC
_cDLC
_dDLC
041 _aeng
080 _a300.924
082 0 0 _a300.924 SKI
100 1 _a50
101 _aSOC
245 1 2 _aA system of social science :
_cby Andrew S. Skinner.
504 _aIncludes bibliographical references and index.
906 _a7
_bcbc
_corignew
_d1
_eocip
_f19
_gy-gencatlg
942 _2ddc
_cBK
999 _c42996
_d42996